Važecká Zornička časopis žiakov Štátnej meštianskej školy vo Važci

Bibliographic Details
Corporate Author: Štátna meštianska škola (Važec) (Publisher)
Other Authors: Ivanides (Publishing director), Longauer, L. (Publishing director)
Format: Journal
Language:Slovak
PhysicalDescription:5 čís. 30 x 21 cm
Published: Važec Štátna meštianska škola 1946-1947
Subjects:

MARC

LEADER 00000nas a22000001a 4500
001 vtls010302469
003 SK-MaSNL
005 20260228162846.0
008 110810d19461947xo mr p r 0 b0slo
015 |a SNBDS17XX9999 
015 |a 1762  |2 Balúnová 1945-60 
038 |a SNKBUDS 
040 |a SNK  |b slo  |c SNK  |e AACR2 
041 0 |a slo 
044 |a xo  |c SK 
080 |a 373.5  |2 2001 
080 |a 371  |2 2001 
245 0 0 |a Važecká Zornička  |b časopis žiakov Štátnej meštianskej školy vo Važci 
260 |a Važec  |b Štátna meštianska škola  |c 1946-1947 
300 |a 5 čís.  |c 30 x 21 cm 
310 |a 1x mesačne 
362 1 |a V knižniciach sa zachovalo iba 5 čísiel z II. roč., bez označenia dátumu  |z Citované z: Bibliografia nov. a čas. vych. na Slov. 1945-60 / M. Balúnová 
500 |a Vych. vo Važci mesačne 
500 |a Red. Hybenová-Profantová. Hlav. red. Ivanides. Zodp. red. L. Longauer 
500 |a Vyd. Štátna meštianska škola vo Važci 
500 |a Tlač. rozmnož. cyklostylom 
500 |a V knižniciach sa zachovalo iba 5 čísiel z II. ročníka, bez označenia dátumu 
505 8 0 |g Roč. II. 1946/1947 5 č. po 9 s. 
650 0 7 |a školstvo  |2 SNKPH  |9 19712 
650 0 7 |a stredné školy  |2 SNKPH  |9 1279 
655 7 |a časopisy pre mládež  |2 SNKBUDS  |9 70792 
655 7 |a stredoškolské časopisy  |2 SNKBUDS  |9 268797 
700 1 |a Ivanides  |4 pbd  |9 272326 
700 1 |a Longauer, L.  |4 pbd  |9 272327 
700 1 |a Hybenová-Profantová  |4 red  |9 272328 
710 2 |a Štátna meštianska škola (Važec)  |e vydav.  |9 272329 
852 |a SNK  |b 10000  |h ČSB 480 
999 |c 8450  |d 10380